Vridhavastha ke vividh ayam/ (Record no. 52014)

000 -LEADER
fixed length control field 00396nam a22001577a 4500
020 ## - INTERNATIONAL STANDARD BOOK NUMBER
ISBN 81-902186-8-x
082 ## - DEWEY DECIMAL CLASSIFICATION NUMBER
Classification number H 305.26
Item number SUN/V
100 ## - MAIN ENTRY--AUTHOR NAME
Personal name Sunil Shishediya
245 ## - TITLE STATEMENT
Title Vridhavastha ke vividh ayam/
Statement of responsibility, etc by Sunil Shishediya
260 ## - PUBLICATION, DISTRIBUTION, ETC. (IMPRINT)
Place of publication Delhi:
Name of publisher Niharika Publications,
Year of publication 2012.
300 ## - PHYSICAL DESCRIPTION
Number of Pages 118p.
650 ## - SUBJECT ADDED ENTRY--TOPICAL TERM
Topical Term Old Age
650 ## - SUBJECT ADDED ENTRY--TOPICAL TERM
Topical Term Gerentology
650 ## - SUBJECT ADDED ENTRY--TOPICAL TERM
Topical Term Social Sciences
942 ## - ADDED ENTRY ELEMENTS (KOHA)
Koha item type Book
Holdings
Withdrawn status Lost status Damaged status Not for loan Permanent Location Current Location Shelving location Date acquired Full call number Accession Number Cost, replacement price Price effective from Koha item type
        Sree Sankaracharya University of Sanskrit Sree Sankaracharya University of Sanskrit Stacks 11.03.2015 H 305.26 SUN/V 074436 250.00 11.03.2015 Book